| 000 | 00851nam a2200229 i 4500 | ||
|---|---|---|---|
| 001 | 184103 | ||
| 003 | ES-MaACL | ||
| 005 | 20250915063106.0 | ||
| 008 | 150316s1943 sp |||| |bspa d | ||
| 080 | _a929 Catalina de Aragón (42) | ||
| 100 | 1 |
_aXiménez de Sandoval, Felipe, _d1903-1978 _9117510 |
|
| 245 | 1 | 0 |
_aCatalina de Aragón / _cTomás Crame [seud.]. |
| 260 |
_aMadrid : _bAtlas, _c1943. |
||
| 300 |
_a157 p. ; _c20 cm. |
||
| 490 | 1 |
_aVidas ; _v11 |
|
| 597 | _aCon sello de: Biblioteca D.P. Educación Nacional, Madrid. | ||
| 598 | _aColección de biografías... bajo la dir. de Joaquín Arrarás. | ||
| 600 | 0 | 7 |
_aCatalina de Aragón, _cReina consorte de Enrique VIII, Rey de Inglaterra, _d1485-1536 _2 _9138769 |
| 830 | 0 |
_aVidas ; _v11 _9192031 |
|
| 852 |
_aES-MaACL _jE-15497 _z. - enc. hol. |
||
| 999 |
_c184103 _d184103 |
||